| 000 | 00401nam a22001457a 4500 | ||
|---|---|---|---|
| 003 | OSt | ||
| 005 | 20251124140930.0 | ||
| 008 | 251124b |||||||| |||| 00| 0 eng d | ||
| 040 | _cOC | ||
| 100 | _aCLARE, C. | ||
| 245 | _aClockwork angel / | ||
| 260 |
_aNew York : _b Margaret K. McElderry Books, _cc2010. |
||
| 300 |
_a479 pages ; _c21 cm. -- _e (The infernal devices ; bk. 1) |
||
| 942 |
_2ddc _cFIC. _n0 |
||
| 999 |
_c6096 _d6096 |
||